| Tag |
First Indicator |
Second Indicator |
Subfields |
| LEADER |
00000cam a22000001 4500 |
| 001 |
in00001262425 |
| 005 |
20151004051141.0 |
| 008 |
731016s1965 nyu b 000 0 eng |
| 010 |
|
|
|a 65017827
|
| 015 |
|
|
|a GB68-3864
|
| 019 |
|
|
|a 01941495
|
| 035 |
|
|
|a (OCoLC)00268789
|
| 035 |
|
|
|9 AGW5287AM
|
| 040 |
|
|
|a DLC
|c DLC
|d UKM
|d TXA
|d UtOrBLW
|
| 049 |
|
|
|a TXAM
|
| 050 |
0 |
0 |
|a DS145
|b .F6
|
| 082 |
0 |
0 |
|a 301.452
|
| 090 |
|
|
|a DS145
|b .F6 1965
|
| 100 |
1 |
|
|a Flannery, Edward H.
|
| 245 |
1 |
4 |
|a The anguish of the Jews: twenty-three centuries of anti-Semitism /
|c [by] Edward H. Flannery. Pref. by John M. Oesterreicher.
|
| 264 |
|
1 |
|a New York :
|b Macmillan,
|c 1965.
|
| 300 |
|
|
|a xv, 332 pages ;
|c 21 cm.
|
| 336 |
|
|
|a text
|b txt
|2 rdacontent
|
| 337 |
|
|
|a unmediated
|b n
|2 rdamedia
|
| 338 |
|
|
|a volume
|b nc
|2 rdacarrier
|
| 490 |
1 |
|
|a Quest books
|
| 504 |
|
|
|a Bibliographical references included in "Notes" (pages 278-322).
|
| 650 |
|
0 |
|a Antisemitism
|x History.
|
| 830 |
|
0 |
|a Sterling point books.
|
| 999 |
|
|
|a MARS
|
| 999 |
f |
f |
|s c4a25b2a-e1ca-36bd-a8e7-572ab34cfcb9
|i 29b4d3ae-967c-343e-aff3-6ab2fd1e0dab
|t 0
|
| 952 |
f |
f |
|p normal
|a Texas A&M University
|b College Station
|c Sterling C. Evans Library
|d Evans: Library Stacks
|t 0
|e DS145 .F6 1965
|h Library of Congress classification
|i unmediated -- volume
|m A14819731607
|
| 998 |
f |
f |
|a DS145 .F6 1965
|t 0
|l Evans: Library Stacks
|